000 00539nam a22001817a 4500
005 20251108165256.0
008 250721s1997 xx 000 0 ara d
082 1 4 _a956.44/عدا
100 1 _aالعداربه، أحمد
245 1 0 _aقرية الدوايمه /
264 1 _aبيرزيت :
_bجامعة بيرزيت،
_c1997.
300 _a272ص
490 0 _aالقرى الفلسطينيه المدمره ؛12
650 1 7 _aتاريخ فلسطين
650 1 7 _aقرية الدوايمه
942 _2ddc
_cBK
999 _c23882
_d23882